Quiz di cultura generale #10 - Statistics

Statistiche generali
  • Questo quiz è stato fatto 1.873 volte
  • Il punteggio medio è 9 su 20
Statistiche sulle risposte
DOMANDA RISPOSTA % Corretto
Da quale nazione proviene l'espresso? Italia
97%
La regione in cui si trova la città di Assisi Umbria
84%
Il più pesante organo interno del corpo umano? Fegato
80%
Qual è l'ingrediente principale dell'hummus? Ceci
74%
Dove vive un moscovita? Mosca
74%
Quale antica città-stato era governata dal re Leonida? Sparta
67%
Stretto che separa l'Alaska alla Russia Bering
51%
La F in UFO sta per? (eng.) Flying
50%
Con quale altro nome sono conosciute le Hawaii? (nome di un panino all'inglese) Sandwich
48%
Quale nazione ha vinto più medaglie alle Olimpiadi invernali avendo una popolazione di appena 5.5 mln? Norvegia
45%
Quale nazione ha come capitale Ulan Bator? Mongolia
43%
Il suo simbolo è Sn Stagno
37%
Lo stato più giovane del mondo (Africa/2011) Sudan del Sud/Sud Sudan
32%
Qual è la maggiore città australiana a ovest? Perth
30%
Primo film 007 con Daniel Craig Casino Royale
17%
In quale città sono stati girati i film "Robocop" e "Gran Torino"? Detroit
13%
Imperatore bizantino che riconquistò l'Italia e parte della Spagna Giustiniano
13%
Primo imperatore romano non "italiano" né nato all'estero ma da genitori "italiani". Nacque a Leptis Magna (Libia) Settimio Severo/Settimio/Severo
5%
Exclave dell'Angola situata sopra il confine con la R.D. del Congo Cabinda
2%
Isole indiane a ovest della madrepatria Laccadive
1%
Nessun quiz corrispondente trovato
Distribuzione punteggi
Percentuale di utenti per punteggio
Percentile per numero di risposta
I tuoi punteggi nel tempo
Non hai fatto questo quiz